Komanditná spoločnosť špecifiká účtovania
Saved in:
| Main Author: | |
|---|---|
| Format: | Book |
| Language: | Slovak |
| Published: |
Bratislava
ELITA
1999
|
| Subjects: | |
| Tags: |
No Tags, Be the first to tag this record!
|
MARC
| LEADER | 00000nam a2200000 4500 | ||
|---|---|---|---|
| 001 | c115458 | ||
| 005 | 20221123132951.7 | ||
| 020 | |a 80-8044-063-8 | ||
| 041 | 0 | |a slo | |
| 044 | |a SK | ||
| 245 | 1 | 0 | |a Komanditná spoločnosť |b špecifiká účtovania |c Katarína Máziková |
| 264 | 1 | |a Bratislava |b ELITA |c 1999 | |
| 300 | |a 112 s. | ||
| 610 | 2 | 0 | |a spoločnosti komanditné |
| 610 | 2 | 0 | |a účtovanie |
| 610 | 2 | 0 | |a založenie podniku |
| 610 | 2 | 0 | |a vedenie účtovníctva |
| 610 | 2 | 0 | |a účtovníctvo podvojné |
| 610 | 2 | 0 | |a spoločnosti s r.o. |
| 610 | 2 | 0 | |a výsledok hospodársky |
| 610 | 2 | 0 | |a závierka účtovná |
| 100 | 1 | |a Máziková, Katarína | |